| 000 | 00617nam a2200229Ia 4500 | ||
|---|---|---|---|
| 003 | OSt | ||
| 005 | 20220926041257.0 | ||
| 006 | a|||||r|||| 00| 0 | ||
| 007 | ta | ||
| 008 | 220923b |||||||| |||| 00| 0 eng d | ||
| 037 | _cGeneral Book | ||
| 040 |
_aRTL _cRTL _beng |
||
| 041 |
_2eng _aeng |
||
| 082 | _aX62::3:N3, G6 | ||
| 100 |
_aCrick W F _9344680 |
||
| 245 | 0 | _aHundred years of joint stock banking | |
| 260 | _c1936 | ||
| 650 |
_aOther Countries _9231018 |
||
| 700 |
_a Wadsworth J E _9344681 |
||
| 942 |
_hX62::3:N3, G6 _cGB _2CC |
||
| 999 |
_c666731 _d666731 |
||